[Event "AUTO-OPEN-2709"]
[Site "http://www.queenalice.com/game.php?id=1070167"]
[Date "2012.6.9"]
[Round "1"]
[White "gabiheiden"]
[Black "Parma"]
[Result "1-0"]
[WhiteElo "2061"]
[BlackElo "1788"]

1. e4 c5 2. Nf3 e6 3. Nc3 d6 4. d4 cxd4 5. Nxd4 Nf6 6. Bc4 Be7 7. O-O O-O 8. Be3
Nc6 9. f3 a6 10. a4 Bd7 11. Qd2 Rc8 12. Nxc6 Bxc6 13. Bb3 e5 14. a5 h6 15. Rfd1
Qc7 16. Bb6 Qb8 17. Rac1 Ne8 18. Nd5 Bxd5 19. Qxd5 Nf6 20. Qd3 Nd7 21. Bf2 Nc5
22. Qd5 Nxb3 23. Qxb3 Rc6 24. Ra1 Rfc8 25. c3 Bd8 26. Ra4 b5 27. axb6 Bxb6 28.
Rb4 Bxf2+ 29. Kxf2 Qa7+ 30. Ke2 a5 31. Rb7 Qa6+ 32. Ke1 Rf8 33. Qb5 f5 34. Qxa6
Rxa6 35. exf5 Rxf5 36. Ra1 e4 37. fxe4 Re5 38. b4 Rxe4+ 39. Kf1 Rc4 40. Rc1 axb4
41. Rxb4 1-0

[Event "Invitation"]
[Site "http://www.queenalice.com/game.php?id=1072151"]
[Date "2012.6.15"]
[Round "-"]
[White "jcuchi"]
[Black "gabiheiden"]
[Result "0-1"]
[WhiteElo "1345"]
[BlackElo "2144"]

1. e4 e5 2. Nf3 Nc6 3. d4 exd4 4. Nxd4 Bc5 5. c3 Nf6 6. Bd3 O-O 7. O-O Nxd4 8.
cxd4 Bxd4 9. Bg5 d6 10. Re1 Bd7 11. Nd2 c5 12. Bxf6 Qxf6 13. Rf1 Bxb2 14. Rb1
Bd4 15. Rxb7 Bc6 16. Rb1 Rab8 17. Nf3 Rxb1 18. Qxb1 Re8 19. Re1 h6 20. h3 Bd7
21. Qb7 Re7 22. e5 Qe6 23. Qxa7 g6 24. Nxd4 cxd4 0-1

[Event "Challenge"]
[Site "http://www.queenalice.com/game.php?id=1084274"]
[Date "2012.7.19"]
[Round "-"]
[White "jujuju"]
[Black "gabiheiden"]
[Result "0-1"]
[WhiteElo "2233"]
[BlackElo "2099"]

1. d4 d5 2. c4 e6 3. Nc3 Nf6 4. Nf3 Bd6 5. Bg5 c6 6. e4 dxe4 7. Nxe4 Bb4+ 8. Nc3
O-O 9. Bd3 Nbd7 10. O-O Qa5 11. Ne4 Nxe4 12. Bxe4 h6 13. Bd2 Bxd2 14. Qxd2 Qxd2
15. Nxd2 Nf6 16. Bf3 Rd8 17. Nb3 g5 18. g4 e5 19. dxe5 Nxg4 20. Bxg4 Bxg4 21. f3
Bh3 22. Rfd1 Rxd1+ 23. Rxd1 Re8 24. Nc5 b6 25. Nd3 c5 26. Kf2 Bf5 27. Kg3 Bxd3
28. Rxd3 Rxe5 29. Rd7 Re2 30. Rxa7 Rxb2 31. Ra8+ Kg7 32. Rb8 Rxa2 33. Rxb6 Rc2
34. h4 Rxc4 35. Rc6 gxh4+ 0-1

[Event "Challenge"]
[Site "http://www.queenalice.com/game.php?id=1086239"]
[Date "2012.7.24"]
[Round "-"]
[White "rvdornel"]
[Black "gabiheiden"]
[Result "0-1"]
[WhiteElo "1951"]
[BlackElo "2074"]

1. e4 e5 2. Nf3 Nc6 3. Bb5 a6 4. Ba4 b5 5. Bb3 Bc5 6. O-O d6 7. d3 Nf6 8. Nc3
O-O 9. Bg5 Ne7 10. Bxf6 gxf6 11. h3 Ng6 12. d4 Bb6 13. a4 Bd7 14. a5 Ba7 15. d5
Kh8 16. Ne2 Rg8 17. Ng3 Nf4 18. Kh1 Bxf2 19. Rxf2 Rxg3 20. Kh2 Qg8 21. Qf1 Bxh3
22. gxh3 Qg6 23. Nh4 Qg5 24. Rg2 Nxg2 25. Nxg2 Rg8 26. Ne1 Rxh3+ 0-1

[Event "Challenge"]
[Site "http://www.queenalice.com/game.php?id=1092043"]
[Date "2012.8.10"]
[Round "-"]
[White "theblackfox"]
[Black "gabiheiden"]
[Result "1-0"]
[WhiteElo "2009"]
[BlackElo "2144"]

1. e4 e5 2. Nf3 Nc6 3. Nc3 Bc5 4. Bb5 Nf6 5. O-O O-O 6. d3 d6 7. Bxc6 bxc6 8.
Bg5 Rb8 9. b3 h6 10. Bh4 Bg4 11. h3 Bxf3 12. Qxf3 Bd4 13. Bxf6 Qc8 14. Qg3 g6
15. h4 Qe6 16. Bxe5 Bxe5 17. Qe3 Bxc3 18. Rab1 Bg7 19. c4 c5 20. Rfd1 Rfe8 21.
a4 Qg4 22. g3 Re5 23. d4 Rxe4 24. Qc1 Rxd4 25. Re1 Be5 26. Qxh6 Bg7 27. Qe3 Re4
28. Qg5 Qf3 29. Re3 f6 30. Qxg6 1-0

[Event "Challenge"]
[Site "http://www.queenalice.com/game.php?id=1092044"]
[Date "2012.8.10"]
[Round "-"]
[White "gabiheiden"]
[Black "theblackfox"]
[Result "0-1"]
[WhiteElo "2049"]
[BlackElo "2066"]

1. e4 e5 2. Nf3 Nc6 3. Bc4 h6 4. O-O Nf6 5. Nc3 Bb4 6. d3 O-O 7. a3 Ba5 8. Be3
d6 9. b4 Bg4 10. bxa5 Nxa5 11. h3 Bh5 12. Nd5 Nxc4 13. Rb1 Nxa3 14. Rxb7 a5 15.
Qc1 a4 16. Qxa3 Bxf3 17. gxf3 c6 18. Ne7+ Kh7 19. Nf5 d5 20. Qe7 a3 21. Qxd8
Rfxd8 22. Rxf7 a2 23. Ra1 Rdb8 24. Rxg7+ Kh8 25. Bxh6 Rb1+ 26. Kg2 Rxa1 27. Kg3
Nh5+ 28. Kh4 Nxg7 29. Bxg7+ Kh7 0-1

[Event "Challenge"]
[Site "http://www.queenalice.com/game.php?id=1093500"]
[Date "2012.8.15"]
[Round "-"]
[White "JCOELHO"]
[Black "gabiheiden"]
[Result "1-0"]
[WhiteElo "2109"]
[BlackElo "1993"]

1. e4 e5 2. Nf3 Nc6 3. Nc3 Nf6 4. d4 exd4 5. Nxd4 Bb4 6. Bd2 Nxd4 7. Nb5 Bxd2+
8. Qxd2 Nxb5 9. Bxb5 O-O 10. O-O-O Nxe4 11. Qf4 d5 12. Bd3 Qe8 13. Rhe1 Be6 14.
Bxe4 dxe4 15. Rxe4 f5 16. Re5 Qc6 17. b3 Rad8 18. Rxd8 Rxd8 19. h4 Rd5 20. Rxd5
Qxd5 21. Qxc7 Qxg2 22. Qb8+ Kf7 23. Qxa7 Kg6 24. a4 Kh5 25. Qb6 Bd5 26. a5 Kxh4
27. Qe3 Qf3 28. Qe7+ Kh3 29. Qxg7 Qxf2 30. Qxh7+ Kg2 31. Qg6+ Kf1 32. Qd6 1-0

[Event "Challenge"]
[Site "http://www.queenalice.com/game.php?id=1096574"]
[Date "2012.8.26"]
[Round "-"]
[White "theblackfox"]
[Black "gabiheiden"]
[Result "1-0"]
[WhiteElo "2030"]
[BlackElo "2105"]

1. e4 e5 2. Nf3 Nc6 3. Bb5 Nf6 4. Nc3 Bc5 5. h3 O-O 6. O-O Nd4 7. Nxe5 d6 8. Nc4
Be6 9. d3 a6 10. Ba4 b5 11. Bxb5 axb5 12. Ne3 b4 13. Ncd5 c6 14. Nf4 d5 15. exd5
cxd5 16. a4 Rc8 17. a5 Qd6 18. g3 Qe5 19. a6 Ba7 20. Re1 Rce8 21. Nc4 Qf5 22. g4
Qg5 23. Nxe6 Rxe6 24. Bxg5 1-0

[Event "Challenge"]
[Site "http://www.queenalice.com/game.php?id=1096575"]
[Date "2012.8.26"]
[Round "-"]
[White "gabiheiden"]
[Black "theblackfox"]
[Result "0-1"]
[WhiteElo "2074"]
[BlackElo "2049"]

1. e4 e5 2. Nf3 Nc6 3. Bc4 h6 4. O-O Nf6 5. Nc3 Bb4 6. d3 d6 7. Nd5 O-O 8. Be3
Bg4 9. a3 Ba5 10. h3 Be6 11. b4 Bb6 12. Nd2 Bxd5 13. Bxd5 Bxe3 14. Bxc6 Bxd2 15.
Bxb7 Rb8 16. Bd5 Bc3 17. Rb1 a5 18. bxa5 Bxa5 19. Rxb8 Qxb8 20. Bc4 Qb2 21. Qb1
Qxa3 22. Qb3 Qc5 23. Qa4 Nd7 24. Qxd7 g5 25. Ra1 Bb6 0-1

[Event "Challenge"]
[Site "http://www.queenalice.com/game.php?id=1107300"]
[Date "2012.9.28"]
[Round "-"]
[White "gabiheiden"]
[Black "jujuju"]
[Result "0-1"]
[WhiteElo "2028"]
[BlackElo "2206"]

1. e4 g6 2. d4 Bg7 3. Nf3 d6 4. Bc4 Nf6 5. Nc3 Nc6 6. O-O Bg4 7. Bf4 b6 8. Nd5
Nxe4 9. c3 e5 10. h3 Bd7 11. Bg5 Nxg5 12. Nxg5 Rb8 13. Nf3 O-O 14. Qd2 exd4 15.
cxd4 Re8 16. Rae1 Rxe1 17. Rxe1 Na5 18. b3 Nxc4 19. bxc4 c6 20. Ne7+ Kf8 21. Ng5
f5 22. Nxh7+ Kf7 0-1